| 000 -LEADER |
| fixed length control field |
01574cam a22004578i 4500 |
| 001 - CONTROL NUMBER |
| control field |
23589505 |
| 003 - CONTROL NUMBER IDENTIFIER |
| control field |
OSt |
| 005 - DATE AND TIME OF LATEST TRANSACTION |
| control field |
20251027110316.0 |
| 008 - FIXED-LENGTH DATA ELEMENTS--GENERAL INFORMATION |
| fixed length control field |
240302s2024 nyu d 000 1 eng |
| 010 ## - LIBRARY OF CONGRESS CONTROL NUMBER |
| LC control number |
2024009789 |
| 020 ## - INTERNATIONAL STANDARD BOOK NUMBER |
| International Standard Book Number |
9781665970839 |
| 035 ## - SYSTEM CONTROL NUMBER |
| System control number |
23589505 |
| 040 ## - CATALOGING SOURCE |
| Original cataloging agency |
NIC/DLC |
| Language of cataloging |
eng |
| Description conventions |
rda |
| Transcribing agency |
DLC |
| Modifying agency |
DLC |
| -- |
KH8 |
| 042 ## - AUTHENTICATION CODE |
| Authentication code |
pcc |
| -- |
cyac |
| 043 ## - GEOGRAPHIC AREA CODE |
| Geographic area code |
a-my--- |
| 082 ## - DEWEY DECIMAL CLASSIFICATION NUMBER |
| Classification number |
FIC ALK |
| 100 0# - MAIN ENTRY--PERSONAL NAME |
| Personal name |
Hanna Alkaf, |
| Relator term |
author. |
| 245 14 - TITLE STATEMENT |
| Title |
The hysterical girls of St. Bernadette's / |
| Statement of responsibility, etc. |
Hanna Alkaf. |
| 250 ## - EDITION STATEMENT |
| Edition statement |
First edition. |
| 264 #1 - PRODUCTION, PUBLICATION, DISTRIBUTION, MANUFACTURE, AND COPYRIGHT NOTICE |
| Place of production, publication, distribution, manufacture |
New York : |
| Name of producer, publisher, distributor, manufacturer |
Salaam Reads, |
| Date of production, publication, distribution, manufacture, or copyright notice |
[2024] |
| 300 ## - PHYSICAL DESCRIPTION |
| Extent |
342 pages ; |
| Dimensions |
22 cm |
| 336 ## - CONTENT TYPE |
| Content type term |
text |
| Content type code |
txt |
| Source |
rdacontent |
| 337 ## - MEDIA TYPE |
| Media type term |
unmediated |
| Media type code |
n |
| Source |
rdamedia |
| 338 ## - CARRIER TYPE |
| Carrier type term |
volume |
| Carrier type code |
nc |
| Source |
rdacarrier |
| 520 ## - SUMMARY, ETC. |
| Summary, etc. |
"Two teenagers investigate the strange occurrences of mass hysteria plaguing their all-girls school"-- |
| Assigning source |
Provided by publisher. |
| 521 ## - TARGET AUDIENCE NOTE |
| Target audience note |
Ages 14 up. |
| Source |
Salaam Reads. |
| 521 ## - TARGET AUDIENCE NOTE |
| Target audience note |
Grades 10-12. |
| Source |
Salaam Reads. |
| 650 #0 - SUBJECT ADDED ENTRY--TOPICAL TERM |
| Topical term or geographic name entry element |
Teenage girls |
| Geographic subdivision |
Malaysia |
| -- |
Kuala Lumpur |
| Form subdivision |
Juvenile fiction. |
| 650 #0 - SUBJECT ADDED ENTRY--TOPICAL TERM |
| Topical term or geographic name entry element |
Interpersonal relations |
| Form subdivision |
Juvenile fiction. |
| 650 #0 - SUBJECT ADDED ENTRY--TOPICAL TERM |
| Topical term or geographic name entry element |
Girls' schools |
| Geographic subdivision |
Malaysia |
| -- |
Kuala Lumpur |
| Form subdivision |
Juvenile fiction. |
| 650 #1 - SUBJECT ADDED ENTRY--TOPICAL TERM |
| Topical term or geographic name entry element |
Single-sex schools |
| Form subdivision |
Fiction. |
| 650 #1 - SUBJECT ADDED ENTRY--TOPICAL TERM |
| Topical term or geographic name entry element |
Schools |
| Form subdivision |
Fiction. |
| 650 #1 - SUBJECT ADDED ENTRY--TOPICAL TERM |
| Topical term or geographic name entry element |
Interpersonal relations |
| Form subdivision |
Fiction. |
| 650 #1 - SUBJECT ADDED ENTRY--TOPICAL TERM |
| Topical term or geographic name entry element |
Mystery and detective stories. |
| 651 #1 - SUBJECT ADDED ENTRY--GEOGRAPHIC NAME |
| Geographic name |
Kuala Lumpur (Malaysia) |
| Form subdivision |
Fiction. |
| 651 #1 - SUBJECT ADDED ENTRY--GEOGRAPHIC NAME |
| Geographic name |
Malaysia |
| Form subdivision |
Fiction. |
| 655 #7 - INDEX TERM--GENRE/FORM |
| Genre/form data or focus term |
Thrillers (Fiction) |
| Source of term |
lcgft |
| 655 #7 - INDEX TERM--GENRE/FORM |
| Genre/form data or focus term |
Detective and mystery fiction. |
| Source of term |
lcgft |
| 655 #7 - INDEX TERM--GENRE/FORM |
| Genre/form data or focus term |
Novels. |
| Source of term |
lcgft |
| 942 ## - ADDED ENTRY ELEMENTS (KOHA) |
| Source of classification or shelving scheme |
|
| Koha item type |
Books - Fiction |